al-ʻIlm wa-al-rakhāʼ, (Record no. 47985)

MARC details
000 -LEADER
fixed length control field 00657cam a22002051 4500
001 - CONTROL NUMBER
control field ne 65000564
003 - CONTROL NUMBER IDENTIFIER
control field DLC
005 - DATE AND TIME OF LATEST TRANSACTION
control field 20260227111811.0
008 - FIXED-LENGTH DATA ELEMENTS--GENERAL INFORMATION
fixed length control field 840113s1964 ua 000 0 arar
010 ## - LIBRARY OF CONGRESS CONTROL NUMBER
LC control number ne 65000564
035 ## - SYSTEM CONTROL NUMBER
System control number (OCoLC)10296872
040 ## - CATALOGING SOURCE
Original cataloging agency DLC
Transcribing agency TxU
Modifying agency TxU
-- DLC
042 ## - AUTHENTICATION CODE
Authentication code premarc
050 00 - LIBRARY OF CONGRESS CALL NUMBER
Classification number E169.02
Item number .S48
100 1# - MAIN ENTRY--PERSONAL NAME
Personal name Shitwī, Fawzī.
245 14 - TITLE STATEMENT
Title al-ʻIlm wa-al-rakhāʼ,
Statement of responsibility, etc. taʼlīf Fawzī al-Shitwī ʻan ziyāratahu lil-Wilāyāt al-Muttaḥidah.
260 ## - PUBLICATION, DISTRIBUTION, ETC.
Place of publication, distribution, etc. [al-Qāhirah] :
Name of publisher, distributor, etc. Maktabat al-Nahḍah al-Miṣrīyah,
Date of publication, distribution, etc. [1964]
300 ## - PHYSICAL DESCRIPTION
Extent 332 p. :
Other physical details illus., port. ;
Dimensions 24 cm.
651 #0 - SUBJECT ADDED ENTRY--GEOGRAPHIC NAME
Geographic name United States
General subdivision Civilization
Chronological subdivision 1945-

No items available.

Powered by Koha